'L' Natural World Quiz Stats

 Plays Quiz Updated Nov 10, 2017

Also try: 'H' Natural World
Challenge
Share
Tweet
Embed
Score 0/21 Timer 05:00
0 Plays Today
Hint Answer % Correct
Which round, green, and sour citrus fruit is a good source of vitamin C?Lime
93%
Chameleon, Gecko and Iguana are all types of which creature?Lizard
92.3%
What is the second-largest living cat after the tiger?Lion
91.7%
Which big cat with dark spots is sometimes called a panther in its melanistic form?Leopard
90.1%
Which retriever is often used as a guide dog for blind people?Labrador
89.9%
What name is given to a young sheep, especially under one year old?Lamb
88.8%
Which domesticated pack animal of the camel family is found in the Andes in South America?Llama
87.9%
Which insect forms swarms or 'plagues' that severely damage crops?Locust
86.7%
Which large marine crustacean has a cylindrical body, stalked eyes, and pincers?Lobster
86.4%
Which arboreal primate with a pointed snout and typically a long tail is found only in Madagascar and a few neighboring islands?Lemur
83.9%
Which small beetle with a domed back is typically red or yellow with black spots?Ladybug
81.9%
Hint Answer % Correct
Which root vegetable looks similar to an onion but has a much milder taste?Leek
74.1%
Which small Arctic rodent related to the vole is known for the popular misconception that they commit mass suicide?Lemming
70.9%
What name is given to any wingless, biting, parasitic insect that lives on birds, mammals, and humans?Louse
67.8%
Which cultivated plant of the daisy family has edible leaves that often feature in salads?Lettuce
63.5%
What national flower of both India and Vietnam is commonly cultivated in water gardens?Lotus
59.6%
Which eel-like jawless fish is often parasitic, attaching itself to other fish and sucking their blood? Lamprey
45.5%
Which marine mollusk is proverbial for the way it clings tightly to rocks?Limpet
32.6%
Which small finch was very popular from the late 19th century as a cage bird because of its melodious song?Linnet
9.9%
Which large plover typically has a black-and-white head and underparts and a loud call?Lapwing
8.6%
What name is given to the soil-living larva of a large crane fly that damages roots and crops?Leatherjacket
5%

You're not logged in!

Compare scores with friends on all Sporcle quizzes.
OR
Log In

You Might Also Like...

Show Comments

Extras

Top Quizzes Today


Score Distribution

Your Account Isn't Verified!

In order to create a playlist on Sporcle, you need to verify the email address you used during registration. Go to your Sporcle Settings to finish the process.

Report this User

Report this user for behavior that violates our Community Guidelines.

Details: